000 00854nam a2200229 a 4500
005 20180803165350.0
008 140129b2006 ck ||||| |||| 00| 0 spa d
040 _cCO-BoIH
041 _aspa
044 _ack
090 _aIAVH
_b00943
110 _bEl Semillero
_95613
245 _aImplementación de viveros, asistencia técnica y capacitación
260 _aBogotá
_bInstituto Alexander von Humboldt
_c2006
300 _a18 p.
520 _aCuenta de una actividad de capacitación, la implementación de 2 viveros en Cane - Iguaque, el acondicionamiento del vivero de Corpoboyacá y la asistencia técnica para el montaje de 2 viveros en Carmen de Carupa con la Fundación Humedales
650 _aViveros
_992504
650 _aAsistencia técnica
_930421
650 _aCapacitación
_992246
942 _cINFORME
_2z
_01
945 _d2008-07-09
999 _c6381
_d6381